00786nam a2200253 u 4500001000400000003001000004005001700014008004100031035000800072035002100080040001300101041000800114082000800122100004100130245007300171260003400244300001800278500004400296650003400340650005100374650002900425700003700454700004100491947CO-MdUADB20260428103506.0950315s1986 spa  a947 a(OCoLC)778241630 ccomduadb aspa 4a51010aUribe Calad, Julio Alberto4auteaut10aMatemáticas básicas y operativas : con programas para computador aMedellín :bSusaeta,c1986. a639 páginas aCompra : Librería América : Oct/94. aComputadores en matemáticas 7aMatemáticasxProgramas para computador2lemb aMatemáticas operativas10aOrtiz M., Luis Orlando4auteaut10aOsorio Quijano, Jorge Luis4auteaut